000 00292nam a22001337a 4500
008 170615b xxu||||| |||| 00| 0 eng d
020 _a9780673393555
041 _aeng
080 _a94(7/8)
100 _a19
101 _aSHH
245 _aAMERICAN GENESIS
_cVAUGHAM.A.T
942 _2udc
_cBK
999 _c17634
_d17634